[Event "EU-ch U12 Girls rapid"]
[Site "Terme Catez"]
[Date "2023.09.28"]
[Round "4"]
[White "Sokolova, Milena"]
[Black "Romanchenko, Alisa"]
[Result "1/2-1/2"]
[WhiteElo "1203"]
[BlackElo "1344"]
[PlyCount "54"]
[EventDate "2023.09.28"]
[EventType "swiss (rapid)"]
[EventRounds "9"]
[EventCountry "SLO"]
[SourceTitle "EXT 2024"]
[Source "ChessBase"]
[SourceDate "2023.10.10"]
[SourceVersion "1"]
[SourceVersionDate "2023.10.10"]
[SourceQuality "1"]

1. e4 e5 2. Nf3 Nc6 3. Bc4 Bc5 4. c3 Nf6 5. d4 exd4 6. cxd4 Bb4+ 7. Bd2 Nxe4 8. Bxb4 Nxb4 9. Qb3 Nc6 10. Bxf7+ Kf8 11. 0-0 d5 12. Bxd5 Nf6 13. Bxc6 bxc6 14. Ne5 Qd5 15. Qxd5 cxd5 16. Nc3 Ba6 17. Rfe1 g6 18. Nc6 Bb7 19. Ne7 Re8 20. Re6 Kf7 21. Rae1 Bc8 22. R6e5 Ng4 23. R5e2 Ba6 24. Re6 Bc8 25. R6e2 Ba6 26. Re6 Bc8 27. R6e2 Ba6 1/2-1/2